• 首页
  • 本馆介绍
  • 公告通知
  • 最新文献
  • 馆藏检索
  • 电子资源
  • 读者导购
  • 参考咨询
  • 我的图书馆
  • 登录
  • 详细信息显示
  • 放入我的书架
  • 预约/预借图书
  • 作者相关作品
  • 分类相关作品
  • 丛书相关作品
  • 出版社相关作品

书目信息

  • 表格格式
  • 工作单格式
  • 卡片格式
题名:
中学资料室工作
    
 
作者: ;北京教育行政学院图书馆 编著
分册:  
出版信息: 北京   海洋出版社  1993
页数: 136页
开本: 19cm
丛书名:
单 册:
中图分类: G258.69
科图分类:
主题词: 学校图书馆-中学-图书馆工作--教材 , 图书馆工作-学校图书馆-中学--教材 , 中学-学校图书馆-图书馆工作--教材
电子资源:
ISBN: 7-5027-1298-4
000 00839nam0 2200253 45
001 0197043437
005 20060809083153.31
010    @a7-5027-1298-4@dCNY3.40
100    @a19971210e19971993em y0chiy0121 ea
101 0  @achi
102    @aCN@b110000
105    @ay z 000yy
200 10 @a中学资料室工作@Azhong xue zi liao shi gong zuo@f北京教育行政学院图书馆编著
210    @a北京@c海洋出版社@d1993@h1997重印
215    @a136页@d19cm
300    @a中小学图书馆员业务培训教材
300    @a中小学图书馆(室)必备书目
606    @a学校图书馆-中学-图书馆工作@x教材
606    @a图书馆工作-学校图书馆-中学@x教材
606    @a中学-学校图书馆-图书馆工作@x教材
690    @aG258.69@v3
711 02 @a北京教育行政学院图书馆@Abei jing jiao yu xing zheng xue yuan tu shu guan@4编著
801  0 @aCN@bTSSF@c20060809
905    @a10447@dG258.69@e22
    
    中学资料室工作/北京教育行政学院图书馆编著.-北京:海洋出版社,1993(1997重印)
    136页;19cm
    中小学图书馆员业务培训教材.-中小学图书馆(室)必备书目
    
    ISBN 7-5027-1298-4:CNY3.40
    
●
相关链接 在E读中查询图书 在五车中查询图书 在当当中查询图书 在豆瓣中查询图书


正题名:中学资料室工作     索取号:G258.69/22         预约/预借

序号 登录号 条形码 馆藏地/架位号 状态 备注
1 0447671   204476717   密集书库/ [索取号:G258.69/22] 在馆    
2 0447672   204476726   密集书库/ [索取号:G258.69/22] 在馆    
唐山师范学院图书馆 欢迎您!
大连网信软件有限公司© 版权所有